000 02833nam0a2200397 4500
001 RU\NLR\BIBL_A\011405806
005 20250626061412.0
020 _aRU
_b5887
_9Сводный каталог листовок первых лет Советской власти (25 октября (7 ноября) 1917 - 1925) Т.3. Листовки советских, партийных, профсоюзных, комсомольских и других организаций Петрограда (Ленинграда) и Петроградской (Ленинградской) губернии
035 _a(NLR Aleph) 011405806
090 _a11531032
_c11531032
100 _a20170614j19180118|||y0rusy50 ca
101 0 _arus
102 _aRU
105 _ay z 000zy
135 _acrgn 008apada
200 1 _aКо всем рабочим и работницам. "Товарищи! Свершилось неслыханное, небывалое преступление..."
_e[листовка]
210 _a[Пг.
_cб. и.
_d1918, янв., 18]
215 _a1 с. в 3 стб.
_d22х18
300 _aПодпись: Петроградский союз защиты Учредит. собрания (Объединенный комитет социалистических партий и демократических организаций)
325 1 _aКопия доступна в Электронной библиотеке РНБ
327 1 _aПризыв к борьбе с Петроградским советом, по распоряжению которого была расстреляна демонстрация 5(18) января 1918 г.
517 1 _a"Товарищи! Свершилось неслыханное, небывалое преступление..."
517 1 _aСвершилось неслыханное, небывалое преступление...
540 1 _aПризыв к борьбе с Петроградским советом, по распоряжению которого была расстреляна демонстрация 5(18) января 1918 г.
607 _aРСФСР
_jЛистовки
_xПолитика и управление
_y1917 - 1925
_92312782
_3RU\NLR\auth\6601609564
686 0 _aТ3(2)71-313,011
711 0 2 _aПетроградский союз защиты Учредительного собрания
_9565474
_3RU\NLR\AUTH\880450913
852 0 0 _aNLR
_bФЛ
_j3/79
942 _cBOOK
980 _aNB
981 2 1 _a(21) Листовки
_b(21) Листовки 1918 года